| 000 -LEADER |
| fixed length control field |
00530nam a22001097a 4500 |
| 040 ## - CATALOGING SOURCE |
| Transcribing agency |
DLC |
| 082 ## - DEWEY DECIMAL CLASSIFICATION NUMBER |
| Classification number |
FAO GUI 2009 C025 Or. |
| 245 ## - TITLE STATEMENT |
| Title |
GUIDE FOR AVIAN INFLUENZA OUTBREAK INVESTIGATION AND EMERGENCY RESPONSE. សៀវភៅណែនាំស្តីពីការអង្កេតស្រាវជ្រាវការផ្ទុះជម្ងឺផ្តាសាយបក្សី និងការឆ្លើយតបបន្ទាន់ |
| 260 ## - PUBLICATION, DISTRIBUTION, ETC. (IMPRINT) |
| Place of publication |
CAMBODIA |
| Name of publisher |
Phnom Penh |
| Year of publication |
2009 |
| 300 ## - PHYSICAL DESCRIPTION |
| Number of Pages |
46P |
| 942 ## - ADDED ENTRY ELEMENTS (KOHA) |
| Koha item type |
ADB |
| 952 ## - LOCATION AND ITEM INFORMATION (KOHA) |
| Withdrawn status [LOCAL, KOHA] |
0 |
| 952 ## - LOCATION AND ITEM INFORMATION (KOHA) |
| Withdrawn status [LOCAL, KOHA] |
0 |
| 952 ## - LOCATION AND ITEM INFORMATION (KOHA) |
| Withdrawn status [LOCAL, KOHA] |
0 |